000 00434pab a2200169 454500
008 180718b2013 xxu||||| |||| 00| 0 eng d
100 _aGouch, Ian
245 _aCarbon mitigation policies, distributional dilemmas and social policies
260 _c2013
300 _ap.191-213.
362 _aApr
650 _aSocial policy
650 _aGreehouse effect
773 _aJournal of Social Policy
908 _aN
909 _a99056
999 _c99055
_d99055